000 00474nam a2200169 i 4500
001 80051
003 ES-MaACL
005 20230906174121.0
007 t|
008 041026s1973 sp ||||1| spa d
100 1 _aHinostroza, Rodolfo.
_963780
245 1 3 _aEl sistema astrológico
_b: teoría y práctica /
_cRodolfo Hinostroza.
250 _a[1ª ed.].
260 _aBarcelona :
_bBarral,
_c1973.
300 _a458 p. ;
_c18 cm.
852 _aES-MaACL
_jC-52574
_bR.85916
999 _c80051
_d80051